Central Library and Information Centre
Sibsagar Girls' College, Sivasagar : Assam

REDESIGNING THE LIBRARY (Record no. 9363)

MARC details
000 -LEADER
fixed length control field 00436cam a2200181ua 4500
008 - FIXED-LENGTH DATA ELEMENTS--GENERAL INFORMATION
fixed length control field 190424n1997 II |||gr||||Z||||||eng
040 ## - CATALOGING SOURCE
Original cataloging agency MAIN
041 ## - LANGUAGE CODE
-- English
082 ## - DEWEY DECIMAL CLASSIFICATION NUMBER
Classification number 020 MAH
100 ## - MAIN ENTRY--PERSONAL NAME
Personal name MAHAPATRA, P. K.
245 ## - TITLE STATEMENT
Title REDESIGNING THE LIBRARY
260 ## - PUBLICATION, DISTRIBUTION, ETC.
Place of publication, distribution, etc. NEW DELHI
Name of publisher, distributor, etc. ESS ESS PUBLICATION
Date of publication, distribution, etc. 1997
300 ## - PHYSICAL DESCRIPTION
Extent 289.
700 ## - ADDED ENTRY--PERSONAL NAME
Personal name CHAKRABORTI, B.
942 ## - ADDED ENTRY ELEMENTS (KOHA)
Koha item type Books
653 ## - INDEX TERM--UNCONTROLLED
Uncontrolled term Library & information sciences
Holdings
Withdrawn status Lost status Damaged status Not for loan Collection code Home library Current library Shelving location Date acquired Full call number Barcode Date last seen Copy number Price effective from Koha item type
        General Reference Central Library and Information Centre Sibsagar Girls College Central Library and Information Centre Sibsagar Girls College Sports Journalism Library sc 21.07.2000 020 MAH 16195 27.02.2020 1 27.02.2020 Books


Sibsagar Girl's College © 2020. All rights reserved.
Powered by Koha.
Maintained by Abhijit Borpuzari.